000 00419nam a2200181Ia 4500
001 17245
005 20260306170411.0
008 260306t2009||||xx |||||||||||||| ||und||
041 _aESP
082 _a657.61
_bE27 2009
100 _aEffio Pereda, Fernando
_eAUT
245 0 _aPlan contable general empresarial
260 _c2009
300 _a
_c
650 _aGEN
654 _aCCO
942 _cLIB
_dJUS
_fJUS
_2ddc
_n
999 _c17245
_d17245